000 00303nam a2200157Ia 4500
100 _aBoyles/Tim
650 _aCCNA
942 _cBK
366 _f20
654 _aCCNA
245 _aCCNA security study guide
260 _bWiley
_c2010
082 _a4.65
_bBOY
300 _a516
546 _aENGLISH
999 _c24569
_d24569